O mistério da aranha de prata (Registo nº 1993)
[ vista simples ]
| 000 -Etiqueta do registo | |
|---|---|
| Cabeçalho | 00837nam a22002651 4500 |
| 005 - Identificador da versão | |
| Campo de controlo | 20240827111643.0 |
| 021 ## - Número do Depósito Legal | |
| Código do país | PT |
| 100 ## - Dados gerais de processamento | |
| Dados gerais de processamento | 20070627d1978 am y0pory5003 ba |
| 101 1# - Língua de publicação | |
| Língua do texto, banda sonora, etc. | Português |
| Língua do documento no original | Inglês |
| 102 ## - Pais de publicação ou produção | |
| País de publicação | Portugal |
| 105 ## - Campo de dados codificados: livros | |
| Dados codificados dos livros | a z 001ay |
| 106 ## - Campo de dados codificados: material textual | |
| Dados codificados do material textual | r |
| 200 1# - Titulo e menção de responsabilidade | |
| Título próprio | O mistério da aranha de prata |
| Primeira menção de responsabilidade | Alfred Hitchcock |
| Outras menções de responsabilidade | trad. Elísio Baldinho, il. Eugénio Silva |
| 210 ## - Publicação, Distribuição, etc. | |
| Lugar da edição, distribuição, etc. | Lisboa |
| Nome do editor, distribuidor, etc. | Clássica |
| Data da publicação, distribuição, etc. | imp. 1978 |
| 215 ## - Descrição física | |
| Indicação específica da natureza do documento e extensão da espécie | 241, [2] p. |
| Outras indicações físicas | il. |
| Dimensões | 19 cm |
| 225 2# - Colecção | |
| Título próprio da colecção | Os melhores livros juvenis |
| Indicação de volume | 55 |
| 304 ## - Notas relativas a título e menção de responsabilidade | |
| Texto da nota | Tít. orig.: The mistery of the silver spider |
| 606 ## - Nome comum usado como assunto | |
| Número de registo de entrada de autoridade | 0000672 |
| Palavra de ordem | Literatura estrangeira juvenil |
| Subdivisão de assunto | Romance policial |
| 675 ## - Classificação Decimal Universal (CDU) | |
| Notação | 82-312.4 |
| Edição | 2ª |
| Língua da edição | por |
| 700 #1 - Nome de autor-pessoa física (responsabilidade principal) | |
| Número de registo de entrada de autoridade | 0000674 |
| Palavra de ordem | Hitchcock |
| Outra parte do nome não tomada para palavra de ordem | Alfred |
| Datas | 1899-1980 |
| 702 #1 - Nome de autor-pessoa física (responsabilidade secundária) | |
| Número de registo de entrada de autoridade | 0000675 |
| Palavra de ordem | Baldinho |
| Outra parte do nome não tomada para palavra de ordem | Elísio |
| Código de função | Tradutor |
| Número de registo de entrada de autoridade | 0000676 |
| Palavra de ordem | Silva |
| Outra parte do nome não tomada para palavra de ordem | Eugénio |
| Código de função | Ilustrador / Técnico de desenho computorizado |
| 942 ## - Elementos de entrada adicionados (Koha) | |
| Tipo de item no Koha | Livro |
| Situação do levantamento | Origin of item (home branch) (coded) | Biblioteca de empréstimo | Código de barras | Cota | Circulation type (not for loan) | Tipo de documento | Nota do exemplar | Damaged status |
|---|---|---|---|---|---|---|---|---|
| Biblioteca Escolar da Coca Maravilhas | Biblioteca Escolar da Coca Maravilhas | BECM2023/94 | 8EST HIT | Livro | Sem mensagem |
